Термостимулированные изменения оптических свойств предварительно активированных наноразмерных слоёв оксида вольфрама (VI); Известия вузов. Физика; Т. 54, № 1/3 : Радиационно-термические эффекты и процессы в неорганических материалах

Бібліографічні деталі
Parent link:Известия вузов. Физика.— , 1958-
Т. 54, № 1/3 : Радиационно-термические эффекты и процессы в неорганических материалах.— 2011
Автор: Суровой Е. П.
Інші автори: Бин С. В., Еремеева Г. О.
Резюме:Заглавие с экрана
Мова:Російська
Опубліковано: 2011
Предмети:
Онлайн доступ:http://www.lib.tpu.ru/fulltext/v/Conferences/2011/K03/348.pdf
Формат: MixedMaterials Електронний ресурс Частина з книги
KOHA link:https://koha.lib.tpu.ru/cgi-bin/koha/opac-detail.pl?biblionumber=459854

MARC

LEADER 00000naa2a2200000 4500
001 459854
005 20231101085205.0
035 |a (RuTPU)RU\TPU\prd\123673 
035 |a RU\TPU\prd\123672 
090 |a 459854 
100 |a 20111026d2011 k y0rusy50 ca 
101 0 |a rus 
102 |a RU 
135 |a drnn ---uucaa 
181 0 |a i  
182 0 |a b 
200 1 |a Термостимулированные изменения оптических свойств предварительно активированных наноразмерных слоёв оксида вольфрама (VI)  |b Электронный ресурс  |f Е. П. Суровой, С. В. Бин, Г. О. Еремеева 
203 |a Текст  |c электронный 
215 |a 1 файл (352 Кб) 
230 |a Электронные текстовые данные (1 файл : 352 Кб) 
300 |a Заглавие с экрана 
337 |a Adobe Reader 
461 1 |0 (RuTPU)RU\TPU\prd\191  |t Известия вузов. Физика  |d 1958- 
463 1 |0 (RuTPU)RU\TPU\prd\122269  |t Т. 54, № 1/3 : Радиационно-термические эффекты и процессы в неорганических материалах  |o тематический выпуск  |f под ред. А. П. Суржикова  |d 2011 
610 1 |a оксид вольфрама 
610 1 |a наноразмерные плёнки 
610 1 |a активация 
610 1 |a оптические свойства 
610 1 |a термостимулированные превращения 
610 1 |a электронный ресурс 
700 1 |a Суровой  |b Е. П. 
701 1 |a Бин  |b С. В. 
701 1 |a Еремеева  |b Г. О. 
801 1 |a RU  |b 63413507  |c 20111018 
801 2 |a RU  |b 63413507  |c 20121213  |g RCR 
856 4 |u http://www.lib.tpu.ru/fulltext/v/Conferences/2011/K03/348.pdf 
942 |c BK